Skład Reprezentacji Polski na MŚ 2002 - Statystyki

Ogólne statystyki
  • Ten quiz został rozwiązany 68 razy
  • Średni wynik to 15 z 24
Statystyki odpowiedzi
Pozycja/Position Zawodnik/Player % Poprawnych
Bramkarz/Goalkeeper Jerzy Dudek
95%
Napastnik/Striker Emmanuel Olisadebe
89%
Napastnik/Striker Marcin Żewłakow
81%
Obrońca/Defender Michał Żewłakow
81%
Obrońca/Defender Tomasz Hajto
81%
Trener/Coach Jerzy Engel
77%
Pomocnik/Midfielder Arkadiusz Bąk
72%
Obrońca/Defender Jacek Bąk
72%
Napastnik/Striker Maciej Żurawski
72%
Napastnik/Striker Paweł Kryszałowicz
70%
Pomocnik/Midfielder Jacek Krzynówek
68%
Obrońca/Defender Tomasz Wałdoch
68%
Bramkarz/Goalkeeper Adam Matysek
67%
Bramkarz/Goalkeeper Radosław Majdan
63%
Pomocnik/Midfielder Piotr Świerczewski
56%
Obrońca/Defender Tomasz Kłos
56%
Pomocnik/Midfielder Radosław Kałużny
53%
Obrońca/Defender Marek Koźmiński
49%
Obrońca/Defender Jacek Zieliński
44%
Obrońca/Defender Arkadiusz Głowacki
42%
Napastnik/Striker Cezary Kucharski
40%
Pomocnik/Midfielder Paweł Sibik
40%
Pomocnik/Midfielder Tomasz Rząsa
32%
Pomocnik/Midfielder Maciej Murawski
26%
Nie znaleziono quizów pasujących do podanych kryteriów
Rozkład punktacji
Procent ludzi z każdym wynikiem
Percentyl według liczby udzielonych odpowiedzi
Twoja historia wyników
Nie rozwiązałeś tego quizu